000 00780nam a22002177a 4500
005 20251108165431.0
008 250721s1994 xx 000 0 ara d
082 1 4 _aم/214/قيم
100 1 _aإبن قيم الجوزيه، ابي عبد الله محمد بن ابي بكر
245 1 0 _aمفتاح دار السعادة و منشور ولاية العلم و الإدارة /
264 1 _aبيروت :
_bدار الجيل،
_c1994.
300 _a2ج.
650 1 7 _aالإسلام
650 1 7 _aالحديث الشريف
650 1 7 _aأصول الدين الإسلامي
650 1 7 _aالتوحيد
700 1 _aالطيبي، حسان عبد المنان
_eتحقيق
700 1 _aالحرستاني، عصام فارس
942 _2ddc
_cREF
999 _c27807
_d27807